Quiz Cultura Generale - Quiz n°12 - Statistics

Statistiche generali
  • Questo quiz è stato fatto 241 volte
  • Il punteggio medio è 8 su 15
Statistiche sulle risposte
Domanda Risposta % Corretto
Quante diagonali ha un pentagono? 5
98%
Quanto vale al radice quadrata di 169? 13
84%
Chi ha condotto "Chi vuol essere milionario" per quasi 20 anni? Gerry Scotti
76%
Quale squadra è stata retrocessa in Serie B a seguito dello scandalo di Calciopoli del 2006? Juventus
76%
In quale regione si trova il Gran Sasso d'Italia? Abruzzo
69%
In quale regione italiana si trova Pesaro? Marche
66%
Cosa celebra la Chiesa Cattolica ogni 25 anni? Giubileo
63%
Chi ha scritto la poesia "Il passero solitario"? Giacomo Leopardi
62%
Quale monaco boemo si interessò di genetica attraverso la coltivazione del "Pisello odoroso"? Gregor Mendel
62%
Chi era il batterista dei Beatles? Ringo Starr
57%
Chi fu l'architetto grande rivale di Francesco Borromini? Gian Lorenzo Bernini
30%
Quale stato africano ha come capitale Kinshasa? Repubblica Democratica del Congo
27%
Chi salì al trono del Regno di Napoli nel 1808? Gioacchino Murat
13%
A quale partito politico apparteneva Giovanni Giolitti? Sinistra storica
9%
Da quale monte sorge il fiume Tevere? Monte Fumaiolo
8%
Nessun quiz corrispondente trovato
Distribuzione punteggi
Percentuale di utenti per punteggio
Percentile per numero di risposta
I tuoi punteggi nel tempo
Non hai fatto questo quiz